| 000 | 00680nam a22002417a 4500 | ||
|---|---|---|---|
| 003 | OSt | ||
| 005 | 20140310181913.0 | ||
| 008 | 130319t xxu||||| |||| 00| 0 eng d | ||
| 020 | _a9717890978 | ||
| 050 |
_aBF 637 _b.L44 2002 |
||
| 082 |
_aFil _bBF637 2002 |
||
| 100 |
_aLeman, Kevin _981 |
||
| 245 |
_aThe real you : become the person you were meant to be / _cKevin Leman. |
||
| 260 |
_aValenzuela City _bChristian Literature Crusade _cc2002 |
||
| 300 |
_a221 p. ; _c21 cm. |
||
| 521 | _aFaculty | ||
| 541 | _j1 | ||
| 562 | _e1 | ||
| 650 |
_aSelf-actualization (Psychology) _978 |
||
| 650 |
_aBirth order. _979 |
||
| 650 |
_aTypology _980 |
||
| 942 |
_2lcc _cBK-TR _kTR |
||
| 999 |
_c6638 _d6638 |
||